Zahraničnoobchodná politika EÚ (vzťahy s vybranými regiónmi)

Gespeichert in:
Bibliographische Detailangaben
1. Verfasser: Zubaľová, Ľubica, 1969-
Körperschaft: Ekonomická univerzita v Bratislave. Obchodná fakulta
Weitere Verfasser: Kašťáková, Elena, 1974-, Alexy, Július, 1926-2024
Format: Buch
Sprache:Slowakisch
Veröffentlicht: Bratislava Vydavateľstvo EKONÓM 2017
Ausgabe:1. vyd.
Schlagworte:
Tags: Tag hinzufügen
Keine Tags, Fügen Sie das erste Tag hinzu!

MARC

LEADER 00000nam a2200000 4500
001 0237947
005 20240502073840.5
020 |a 978-80-225-4439-9 
041 0 |a slo 
044 |a SK 
245 1 0 |a Zahraničnoobchodná politika EÚ  |b (vzťahy s vybranými regiónmi)  |c Ľubica Zubaľová ; recenzenti: Elena Kašťáková, Július Alexy 
250 |a 1. vyd. 
264 1 |a Bratislava  |b Vydavateľstvo EKONÓM  |c 2017 
300 |a 166 s. [11,59 AH] 
610 2 0 |a obchod zahraničný 
610 2 0 |a politika zahraničnoobchodná 
610 2 0 |a Európska únia 
610 2 0 |a politika poľnohospodárska spoločná 
610 2 0 |a reformy poľnohospodárske 
610 2 0 |a Balkán 
610 2 0 |a politika európska susedská 
610 2 0 |a vzťahy obchodné 
610 2 0 |a MENA 
610 2 0 |a spolupráca medzinárodná 
610 2 0 |a Afrika 
610 2 0 |a Karibská oblasť 
610 2 0 |a Tichomorie 
610 2 0 |a Latinská Amerika 
610 2 0 |a Európska únia 
100 1 |a Zubaľová, Ľubica, 1969- 
700 1 |a Kašťáková, Elena, 1974- 
700 1 |a Alexy, Július, 1926-2024 
710 2 |a Ekonomická univerzita v Bratislave. Obchodná fakulta